| 000 | 00840nam a22002657a 4500 | ||
|---|---|---|---|
| 001 | 25885 | ||
| 003 | UA-OsUOA | ||
| 005 | 20191226104619.0 | ||
| 007 | ta | ||
| 008 | 20040429b un ||||| |||| 00| 0 ukr d | ||
| 020 | _a966-8074-41-6 | ||
| 040 |
_aUA-OsUOA _bukr _cUA-OsUOA _dUA-OsUOA |
||
| 041 | _aukr | ||
| 044 | _aUA | ||
| 080 | _a343.23(477)(075.8) | ||
| 090 |
_a343.23(477)(075.8) _bХ12 |
||
| 100 | _aХавронюк М.І. | ||
| 245 |
_aДисциплінарні правопорушення і дисциплінарна відповідальність _bнавч. посіб. |
||
| 260 |
_bАтіка _c2003 _aК. |
||
| 300 | _a240 с. | ||
| 650 | 7 |
_2UDC _a347 Цивільне право. Судовий устрій |
|
| 942 |
_cBK _2udc |
||
| 955 | _a0 | ||
| 999 |
_c312190 _d312190 |
||